000 00397nam a22001577a 4500
003 macl
005 20170326130001.0
008 170326b xxu||||| |||| 00| 0 eng d
040 _cMACL
082 _a900/cha
100 _aChaturvedi Heramb
_966852
245 _aAllahabad school of Histroy
260 _aNew Delhi
_boccan Books (P) Ltd
_c2016
650 _a900/Histroy
_966853
942 _2ddc
_cBK
999 _c56137
_d56137